000 00326nam a22001457a 4500
008 210303b ||||| |||| 00| 0 eng d
020 _a0471178330
041 _aeng
080 _a330.322
082 _a330.322
100 _a62
101 _aINV
245 _aProgram Related Investments
_cBaxter, CH. I
942 _2udc
_cBK
999 _c55602
_d55602